000 00390nam a2200133Ia 4500
008 100328s9999 xx 000 0 und d
082 _b35556
100 _aसामंत बाळ.
245 _aतो राजहंस एक
260 _bश्रीविद्या
630 _aतो राजहंस एक
730 _aतो राजहंस एक
942 _cBOOK
999 _c525434
_d525431